2º apéndice al Porvenir de la juventud (Record no. 165428)

MARC details
000 -LEADER
campo de control de longitud fija 00725nam a2200169 i 4500
001 - NÚMERO DE CONTROL
campo de control 165428
003 - IDENTIFICADOR DE NÚMERO DE CONTROL
campo de control ES-MaACL
005 - FECHA Y HORA DE LA ÚLTIMA TRANSACCIÓN
campo de control 20230906213132.0
008 - DATOS DE LONGITUD FIJA--INFORMACIÓN GENERAL
campo de control de longitud fija 050824s1871 sp |||| | spa d
100 1# - ENTRADA PRINCIPAL--NOMBRE DE PERSONA
Nombre de persona Sirera y Mallén, Eugenio.
9 (RLIN) 132767
245 10 - MENCIÓN DEL TÍTULO
Título 2º apéndice al Porvenir de la juventud
Resto del título o Reseña de todas las carreras civiles y militares de España /
Mención de responsabilidad, etc. por Eugenio Sirera.
246 30 - FORMA VARIANTE DEL TITULO
Título propio/Titulo breve Reseña de todas las carreras civiles y militares de España
260 ## - PUBLICACIÓN, DISTRIBUCIÓN, ETC.
Lugar de publicación, distribución, etc. Madrid :
Nombre del editor, distribuidor, etc. [s.n.],
Fecha de publicación, distribución, etc. 1871 (
Fabricante Imp. de J.M. Lapuente)
300 ## - DESCRIPCIÓN FÍSICA
Extensión 26 p. ;
Dimensiones 21 cm.
650 #4 - PUNTO DE ACCESO ADICIONAL DE MATERIA--TÉRMINO DE MATERIA
Término de materia o nombre geográfico como elemento de entrada Enseñanza superior-
Subdivisión geográfica España-
Subdivisión cronológica S.XIX.
9 (RLIN) 144821
852 ## - LOCALIZACIÓN
Ubicación ES-MaACL
Número de control de estantería T-568-F-1
Nota libre - Enc. hol. conservando la cub. original
-- - Enc. en un vol. facticio
Holdings
Estatus retirado Estado de pérdida Estado de daño No para préstamo Colección Biblioteca de origen Biblioteca actual Ubicación en estantería Fecha de adquisición Total de préstamos Signatura topográfica completa Código de barras Visto por última vez Precio de reemplazo Tipo de ítem Koha
        Colección de folletos Biblioteca del Ateneo de Madrid Biblioteca del Ateneo de Madrid Depósito folletos 17/01/2008   T-568-F-1 1173473 23/02/2023 23/02/2023 Folleto